Affirmative psychoterapy for gay men (Record no. 62018)

MARC details
000 -CABECERA
campo de control de longitud fija 00550nam a2200217 a 4500
005 - FECHA Y HORA DE LA ÚLTIMA TRANSACCIÓN
campo de control 20210219152842.0
008 - ELEMENTOS DE LONGITUD FIJA--INFORMACIÓN GENERAL
campo de control de longitud fija 991125n 000 0 spa u
035 ## - NÚMERO DE CONTROL DEL SISTEMA
Número de control de sistema UPN01000063194
100 1# - ASIENTO PRINCIPAL--NOMBRE PERSONAL
Nombre de persona Shannon, Joseph W
222 ## - TÍTULO CLAVE
Título clave COUNSELING PSYCHOLOGIST
245 ## - MENCIÓN DE TÍTULO
Título Affirmative psychoterapy for gay men
300 ## - DESCRIPCIÓN FÍSICA
Extensión 197-215
362 0# - FECHAS DE PUBLICACIÓN Y/O DESIGNACIÓN SECUENCIAL
Fecha de publicación y/o designación secuencial 1991 Vol. 19, no. 2
653 0# - TERMINO DE INDIZACION - NO CONTROLADO
Término no controlado HOMOSEXUALIDAD
653 0# - TERMINO DE INDIZACION - NO CONTROLADO
Término no controlado PSICOTERAPIA
653 0# - TERMINO DE INDIZACION - NO CONTROLADO
Término no controlado VIH/SIDA
700 1# - ASIENTO SECUNDARIO--NOMBRE DE PERSONAL
Nombre de persona Woods, William J.,
700 1# - ASIENTO SECUNDARIO--NOMBRE DE PERSONAL
Término indicativo de función/relación coaut.
904 ## - ELEMENTOS DE DATOS D LOCAL, LDD (RLIN)
a AC
b 001005
905 ## - TIPO DE MATERIAL
Tipo de material Articulo

No items available.